[Event "AUTO-INT-830"]
[Site "http://www.queenalice.com/game.php?id=370266"]
[Date "2008.3.13"]
[Round "1"]
[White "Raimundo"]
[Black "gladiador"]
[Result "1-0"]
[WhiteElo "1545"]
[BlackElo "1410"]

1. d4 c5 2. c4 cxd4 3. Qxd4 Nc6 4. Qd1 e5 5. Nf3 Bc5 6. b3 Nf6 7. Bb2 d6 8. e3
O-O 9. Bd3 e4 10. Bxf6 Qxf6 11. Bxe4 Qxa1 12. O-O Bg4 13. Qd3 Bxf3 14. Bxh7+ Kh8
15. Nd2 Qxa2 16. Nxf3 Ne5 17. Nxe5 dxe5 18. Be4 g6 19. Bxb7 Rab8 20. Bd5 Qxb3
21. Qe4 Qc3 22. Rd1 a5 23. Bc6 Kg7 24. Rf1 Rb4 25. Bb5 a4 26. Qd5 Be7 27. Qd7
Bf6 28. Qg4 a3 29. Qd7 a2 30. Qa7 Qb2 31. e4 Qb1 32. h4 1-0

[Event "AUTO-INT-830"]
[Site "http://www.queenalice.com/game.php?id=370267"]
[Date "2008.3.13"]
[Round "1"]
[White "gladiador"]
[Black "Raimundo"]
[Result "0-1"]
[WhiteElo "1421"]
[BlackElo "1534"]

1. f4 d5 2. b3 c5 3. Bb2 Nc6 4. Nf3 Bg4 5. d3 Bxf3 6. exf3 d4 7. Na3 Nf6 8. Qd2
Qa5 9. O-O-O Qxd2+ 10. Rxd2 Nd5 11. Nc4 Nxf4 12. g3 Nd5 13. Bh3 e5 14. Nxe5 Nxe5
15. Re1 Bd6 16. f4 O-O 17. fxe5 Rfe8 18. Rde2 Be7 19. Bg2 Bg5+ 20. Kb1 Ne3 21.
Bxb7 Rab8 22. Ba6 Rxe5 23. c3 Re6 24. Bc4 Nxc4 25. dxc4 Rxe2 26. Rxe2 Bf6 27.
cxd4 Bxd4 28. Re7 Bg1 29. h3 Bd4 30. Rxa7 Re8 31. Bxd4 cxd4 32. Rd7 Re3 0-1

[Event "AUTO-INT-830"]
[Site "http://www.queenalice.com/game.php?id=370282"]
[Date "2008.3.13"]
[Round "1"]
[White "lcristante"]
[Black "gladiador"]
[Result "1-0"]
[WhiteElo "1658"]
[BlackElo "1399"]

1. e4 Nc6 2. Nf3 e5 3. Bb5 d6 4. O-O Bd7 5. Nc3 Nf6 6. d4 Nxd4 7. Nxd4 exd4 8.
Qxd4 Bxb5 9. Nxb5 Be7 10. Bf4 O-O 11. e5 dxe5 12. Bxe5 Qxd4 13. Bxd4 c6 14. Rae1
Nd5 15. Be5 cxb5 16. b3 Bf6 17. c4 bxc4 18. bxc4 Nb6 19. Bd6 1-0

[Event "AUTO-INT-830"]
[Site "http://www.queenalice.com/game.php?id=370283"]
[Date "2008.3.13"]
[Round "1"]
[White "gladiador"]
[Black "lcristante"]
[Result "1-0"]
[WhiteElo "1459"]
[BlackElo "1668"]

1. d4 d5 2. c4 e6 3. Nc3 Nf6 4. cxd5 exd5 5. Bg5 Bb4 6. e3 h6 7. Bh4 O-O 8. Bd3
Nc6 9. Ne2 Be6 10. O-O Ne7 11. Bxf6 gxf6 12. Ng3 a6 13. Qh5 Qd6 14. Qxh6 f5 15.
Nh5 1-0

[Event "AUTO-INT-830"]
[Site "http://www.queenalice.com/game.php?id=370294"]
[Date "2008.3.13"]
[Round "1"]
[White "gladiador"]
[Black "Maffu"]
[Result "1-0"]
[WhiteElo "1387"]
[BlackElo "1622"]

1. e4 e5 2. d4 exd4 3. Qxd4 Nc6 4. Qe3 Qe7 5. Nc3 Nf6 6. Bd2 Ng4 7. Qe2 Nd4 8.
Qd3 Nxf2 9. Kxf2 Qf6+ 10. Nf3 Bc5 11. Be3 Nxf3 12. gxf3 Qh4+ 13. Ke2 Bxe3 14.
Qxe3 O-O 15. Kd2 c6 16. Rd1 d5 17. Kc1 Be6 18. Kb1 Rad8 19. exd5 Bxd5 20. Nxd5
Rxd5 21. Bd3 Rfd8 22. Qxa7 Rxd3 23. cxd3 h5 24. Qxb7 Qf4 25. Qxc6 Rd6 26. Qe8+
Kh7 27. Qe4+ Qxe4 28. dxe4 Rf6 29. Rhf1 Rg6 30. Rd7 Rg2 31. Rxf7 Rxh2 32. e5 Kg6
33. Rf8 Re2 34. f4 h4 35. f5+ Kh5 36. Rg1 Rxe5 37. Rh8# 1-0

[Event "AUTO-INT-830"]
[Site "http://www.queenalice.com/game.php?id=370295"]
[Date "2008.3.13"]
[Round "1"]
[White "Maffu"]
[Black "gladiador"]
[Result "0-1"]
[WhiteElo "1522"]
[BlackElo "1417"]

1. e4 c5 2. Nf3 Nc6 3. Bb5 g6 4. Bxc6 bxc6 5. c4 Bg7 6. O-O e6 7. e5 Ne7 8. d3
O-O 9. Bg5 d5 10. cxd5 cxd5 11. Nc3 f6 12. exf6 Bxf6 13. Bxf6 Rxf6 14. Ne5 d4
15. Ne4 Rf8 16. Qd2 Qd5 17. Qg5 Qb7 18. Nf6+ Kg7 19. Nh5+ Kh8 20. Rae1 Rf5 21.
Nxg6+ Nxg6 22. Qd8+ Rf8 23. Qg5 Bd7 24. Nf6 Rf7 25. Nxh7 Kxh7 26. Qh5+ Kg7 27.
f4 Rh8 28. Qg4 e5 29. f5 Bxf5 30. Rxf5 Rxf5 31. Qxf5 Qf7 32. Qg4 Qf6 33. Rf1 Qe7
34. h4 Rxh4 35. Qc8 Rf4 36. Rxf4 exf4 37. Qg4 Qe1+ 38. Kh2 Qh4+ 39. Qxh4 Nxh4
40. Kh3 f3 41. gxf3 Nxf3 42. a3 Ne1 43. b4 Nxd3 44. b5 Kf6 45. a4 Ke6 46. a5 Kd5
47. b6 axb6 48. axb6 Kc6 49. b7 Kxb7 0-1

[Event "AUTO-OPEN-1053"]
[Site "http://www.queenalice.com/game.php?id=370365"]
[Date "2008.3.13"]
[Round "1"]
[White "gladiador"]
[Black "soccer6"]
[Result "0-1"]
[WhiteElo "1393"]
[BlackElo "1534"]

1. Nf3 d6 2. b3 e5 3. Bb2 Nc6 4. e4 g6 5. Bb5 Bg7 6. Kf1 Nf6 7. d3 O-O 8. Bxc6
bxc6 9. g3 Bh3+ 10. Kg1 Ng4 0-1

[Event "AUTO-OPEN-1053"]
[Site "http://www.queenalice.com/game.php?id=370366"]
[Date "2008.3.13"]
[Round "1"]
[White "soccer6"]
[Black "gladiador"]
[Result "1-0"]
[WhiteElo "1544"]
[BlackElo "1383"]

1. e4 e5 2. g3 Nf6 3. Qf3 Nc6 4. Bg2 Nd4 5. Qd3 Bd6 6. c3 Ne6 7. Nf3 O-O 8. O-O
b6 9. b4 c5 10. Qxd6 Nxe4 11. Qd5 Ba6 12. a4 1-0

[Event "AUTO-OPEN-1053"]
[Site "http://www.queenalice.com/game.php?id=370369"]
[Date "2008.3.13"]
[Round "1"]
[White "gladiador"]
[Black "Shortquick"]
[Result "0-1"]
[WhiteElo "1443"]
[BlackElo "1299"]

1. e4 c5 2. Bc4 Nc6 3. Qf3 Ne5 4. Qe2 Nf6 5. d3 d6 6. f3 Nxc4 7. dxc4 g6 8. Nc3
Bg7 9. Be3 O-O 10. O-O-O Qa5 11. Kb1 Be6 12. Nd5 Nxd5 13. cxd5 Bd7 14. f4 Bb5
15. c4 Ba4 0-1

[Event "AUTO-OPEN-1053"]
[Site "http://www.queenalice.com/game.php?id=370370"]
[Date "2008.3.13"]
[Round "1"]
[White "Shortquick"]
[Black "gladiador"]
[Result "1-0"]
[WhiteElo "1275"]
[BlackElo "1467"]

1. d4 c5 2. Nf3 cxd4 3. Qxd4 Nc6 4. Qc3 e5 5. a3 d6 6. e4 Nf6 7. Bd3 Be7 8. O-O
O-O 9. Be3 Ng4 10. Bc1 Be6 11. h3 Nf6 12. Be3 d5 13. exd5 Nxd5 14. Qd2 1-0

[Event "Challenge"]
[Site "http://www.queenalice.com/game.php?id=371795"]
[Date "2008.3.15"]
[Round "-"]
[White "PROFALEXANDRE"]
[Black "gladiador"]
[Result "1-0"]
[WhiteElo "1484"]
[BlackElo "1373"]

1. e4 c5 2. Qf3 Nc6 3. Bc4 e6 4. Nc3 Nf6 5. Bb5 Be7 6. Bxc6 bxc6 7. e5 Nd5 8.
Nxd5 cxd5 9. Ne2 O-O 10. d4 Bb7 11. dxc5 Bxc5 12. O-O Rb8 13. Qc3 Rc8 14. Qb3
Ba6 15. Re1 Qh4 16. g3 Qg4 17. Be3 Rb8 18. Qc3 Bb4 19. Qc7 1-0